书目信息 |
| 题名: |
集成运算放大器应用精粹
|
|
| 作者: | 肖景和 编著 | |
| 分册: | ||
| 出版信息: | 北京 人民邮电出版社 2006 |
|
| 页数: | 215页 | |
| 开本: | 26cm | |
| 丛书名: | 集成电路应用丛书 | |
| 单 册: | ||
| 中图分类: | TN722.7 | |
| 科图分类: | ||
| 主题词: | 集成电路--运算放大器--基本知识 , 集成电路 , 运算放大器 | |
| 电子资源: | ||
| ISBN: | 7-115-14355-2 | |
| 000 | 01007oam2 2200277 45 | |
| 001 | 030000455896 | |
| 005 | 20070807162815.40 | |
| 010 | @a7-115-14355-2@dCNY20.00 | |
| 100 | @a20060520d2006 em y0chiy0120 ea | |
| 101 | 0 | @achi |
| 102 | @aCN@b110000 | |
| 105 | @ay z 000yy | |
| 106 | @ar | |
| 200 | 1 | @a集成运算放大器应用精粹@Aji cheng yun suan fang da qi ying yong jing cui@f肖景和编著@Fxiao jing he bian zhu |
| 210 | @a北京@c人民邮电出版社@d2006 | |
| 215 | @a215页@c图@d26cm | |
| 225 | 2 | @a集成电路应用丛书@Aji cheng dian lu ying yong cong shu |
| 330 | @a本书介绍了集成运算放大器的内部组成,工作原理等基础知识,并精选了集成运算放大器应用于各个领域的近150个实例,对这些电路的组成,工作原理,元器件的选用和电路的调试进行了分析等。 | |
| 461 | 0 | @12001 @a集成电路应用丛书 |
| 606 | 0 | @a集成电路@x运算放大器@x基本知识 |
| 606 | 0 | @a集成电路 |
| 606 | 0 | @a运算放大器 |
| 690 | @aTN722.7@v4 | |
| 701 | 0 | @a肖景和@Axiao jing he@4编著 |
| 801 | 0 | @aCN@b北京图联@c20070807 |
| 905 | @dTN722.7@e255@f4 | |
| 集成运算放大器应用精粹/肖景和编著.-北京:人民邮电出版社,2006 |
| 215页:图;26cm.-(集成电路应用丛书) |
| ISBN 7-115-14355-2:CNY20.00 |
| 本书介绍了集成运算放大器的内部组成,工作原理等基础知识,并精选了集成运算放大器应用于各个领域的近150个实例,对这些电路的组成,工作原理,元器件的选用和电路的调试进行了分析等。 |
| ● |
| 相关链接 |
|
|
|
|
正题名:集成运算放大器应用精粹
索取号:TN722.7/255
 
预约/预借
| 序号 | 登录号 | 条形码 | 馆藏地/架位号 | 状态 | 备注 |
| 1 | 0853099 | 208530990 | 第二样本阅览室/ [索取号:TN722.7/255] | 在馆 | |
| 2 | 0853100 | 208531007 | 第三借阅区/ [索取号:TN722.7/255] | 在馆 | |
| 3 | 0853101 | 208531016 | 第三借阅区/ [索取号:TN722.7/255] | 在馆 | |
| 4 | 0853102 | 208531025 | 第三借阅区/ [索取号:TN722.7/255] | 在馆 |